[Event "EU-ch Online U2300 Qual"]
[Site "Chess.com INT"]
[Date "2020.05.25"]
[Round "1"]
[White "Bjornsson, Gunnar"]
[Black "Slizunkov, Dmitry"]
[Result "0-1"]
[WhiteElo "2131"]
[BlackElo "2120"]
[PlyCount "66"]
[EventDate "2020.05.25"]
[EventType "swiss"]
[EventRounds "8"]
[EventCountry "NET"]
[SourceTitle "EXT 2021"]
[Source "ChessBase"]
[SourceDate "2020.10.23"]
[SourceVersion "1"]
[SourceVersionDate "2020.10.23"]
[SourceQuality "1"]

1. e4 c6 2. d4 d5 3. f3 e6 4. Nc3 Nf6 5. Be3 Bb4 6. Bd3 c5 7. dxc5 0-0 8. Nge2 Nc6 9. a3 Bxc3+ 10. bxc3 dxe4 11. fxe4 Ng4 12. Qd2 Nxe3 13. Qxe3 e5 14. 0-0 Qe7 15. Ng3 f6 16. a4 Be6 17. a5 a6 18. Rfb1 Rac8 19. Rb6 Rc7 20. Nf5 Bxf5 21. exf5 Nd8 22. Bc4+ Kh8 23. c6 Nxc6 24. Bd5 Rfc8 25. Be6 Rd8 26. h3 h6 27. Kh2 Qd6 28. Rab1 e4+ 29. Kh1 Qe5 30. g4 Nxa5 31. Bb3 Rxc3 32. Re6 Rxe3 33. Rxe5 fxe5 0-1

[Event "ISL-chT 1617"]
[Site "Reykjavik"]
[Date "2017.03.04"]
[Round "8.4"]
[White "Bjornsson, Gunnar"]
[Black "Bjornsson, Tomas"]
[Result "1/2-1/2"]
[WhiteElo "2130"]
[BlackElo "2181"]
[PlyCount "62"]
[EventDate "2016.09.29"]
[EventType "team-tourn"]
[EventRounds "9"]
[EventCountry "ISL"]
[SourceTitle "EXT 2018"]
[Source "ChessBase"]
[SourceDate "2017.10.13"]
[SourceVersion "1"]
[SourceVersionDate "2017.10.13"]
[SourceQuality "1"]
[WhiteTeam "Huginn II"]
[BlackTeam "Fjolnis"]
[WhiteTeamCountry "ISL"]
[BlackTeamCountry "ISL"]

1. e4 e5 2. Nf3 Nc6 3. Bc4 Be7 4. d4 d6 5. c3 Nf6 6. 0-0 0-0 7. Qd3 a6 8. h3 exd4 9. cxd4 d5 10. exd5 Na5 11. Bg5 Nxc4 12. Qxc4 Nxd5 13. Bxe7 Nxe7 14. Nc3 Be6 15. Qe2 h6 16. Rad1 Nd5 17. Rfe1 Re8 18. Qd2 Nxc3 19. bxc3 Qd5 20. Qf4 Qxa2 21. Qxc7 Bd5 22. Rxe8+ Rxe8 23. Ne5 b5 24. Qd7 Rf8 25. Nc6 Bxc6 26. Qxc6 Qe6 27. Qb7 Qc8 28. Qxc8 Rxc8 29. Ra1 Rc6 30. Kf1 Kf8 31. Ke2 Rxc3 1/2-1/2

[Event "ISL-chT2 1011"]
[Site "Reykjavik"]
[Date "2010.10.09"]
[Round "2.4"]
[White "Bjornsson, Gunnar"]
[Black "Gunnarsson, Gunnar"]
[Result "1-0"]
[WhiteElo "2119"]
[BlackElo "1762"]
[PlyCount "83"]
[EventDate "2010.10.08"]
[EventType "team"]
[EventRounds "7"]
[EventCountry "ISL"]
[SourceTitle "EXT 2014"]
[Source "ChessBase"]
[SourceDate "2013.11.20"]
[SourceVersion "1"]
[SourceVersionDate "2013.11.20"]
[SourceQuality "1"]

1. e4 e6 2. d4 d5 3. e5 c5 4. c3 Nc6 5. Nf3 Bd7 6. Bd3 cxd4 7. cxd4 Nge7 8. Nc3 a6 9. 0-0 Ng6 10. Be3 Be7 11. Rc1 0-0 12. Nd2 f5 13. exf6 Bxf6 14. Bxg6 hxg6 15. Nb3 Qe7 16. Qg4 e5 17. Qd1 Qd6 18. dxe5 Bxe5 19. Qxd5+ Qxd5 20. Nxd5 Bxb2 21. Rc2 Bf6 22. Nb6 Rad8 23. Nxd7 Rxd7 24. Nc5 Rdf7 25. Rd1 Ne5 26. h3 Rd8 27. Rxd8+ Bxd8 28. f4 Rc7 29. fxe5 b6 30. Rd2 bxc5 31. Rxd8+ Kf7 32. Rd5 Ke6 33. Rxc5 Rb7 34. Rc6+ Kxe5 35. Rxa6 Kf5 36. a4 g5 37. Ra5+ Ke4 38. Bxg5 Rb1+ 39. Kh2 Ra1 40. Ra8 Kf5 41. h4 g6 42. a5 1-0

[Event "ISL-chT2 1011"]
[Site "Reykjavik"]
[Date "2010.10.09"]
[Round "3.1"]
[White "Ornolfsson, Magnus P"]
[Black "Bjornsson, Gunnar"]
[Result "0-1"]
[WhiteElo "2175"]
[BlackElo "2119"]
[PlyCount "126"]
[EventDate "2010.10.08"]
[EventType "team"]
[EventRounds "7"]
[EventCountry "ISL"]
[SourceTitle "EXT 2014"]
[Source "ChessBase"]
[SourceDate "2013.11.20"]
[SourceVersion "1"]
[SourceVersionDate "2013.11.20"]
[SourceQuality "1"]

1. e4 c5 2. Nf3 d6 3. c3 Nf6 4. Be2 g6 5. 0-0 Bg7 6. e5 dxe5 7. Nxe5 Nbd7 8. d4 0-0 9. Nd2 cxd4 10. cxd4 Nxe5 11. dxe5 Nd5 12. Nc4 Be6 13. Bg5 b5 14. Ne3 Nxe3 15. Bxe3 Bxe5 16. Qxd8 Rfxd8 17. Bxb5 Bxb2 18. Rad1 Bxa2 19. Rxd8+ Rxd8 20. Bxa7 Rd5 21. Bc6 Rd6 22. Bf3 Bd4 23. Bxd4 Rxd4 24. Rd1 Rb4 25. g3 e5 26. Bd5 Rb1 27. Rxb1 Bxb1 28. h4 Kg7 29. Kg2 f5 30. Kf3 Kf6 31. Ke3 Bc2 32. f4 h6 33. fxe5+ Kxe5 34. Bf7 Kf6 35. Bc4 Ba4 36. Kf4 Bd7 37. Ba6 Be6 38. Bb5 g5+ 39. hxg5+ hxg5+ 40. Ke3 Ke5 41. Be2 Bb3 42. Bb5 Bd1 43. Ba6 Kf6 44. Bb5 Kg6 45. Be8+ Kh6 46. Bd7 Bg4 47. Kf2 Bh3 48. Bc6 Bg4 49. Bd5 Bh5 50. Bc6 Bg6 51. Bd5 Be8 52. Bb7 Kg6 53. Ba6 Bc6 54. Bc4 Ba4 55. Ba6 Bd1 56. Bb7 Kh5 57. Bc8 Kg4 58. Bd7 Bc2 59. Bc8 Kh3 60. Ba6 Kh2 61. Bb5 g4 62. Bf1 Be4 63. Be2 f4 0-1

[Event "ISL-chT 0910"]
[Site "Reykjavik"]
[Date "2010.03.05"]
[Round "6"]
[White "Thorarinsson, Pall A"]
[Black "Bjornsson, Gunnar"]
[Result "1-0"]
[WhiteElo "2253"]
[BlackElo "2123"]
[PlyCount "83"]
[EventDate "2009.09.25"]
[EventType "team-tourn"]
[EventRounds "7"]
[EventCountry "ISL"]
[SourceTitle "EXT 2011"]
[Source "ChessBase"]
[SourceDate "2010.11.26"]
[SourceVersion "1"]
[SourceVersionDate "2010.11.26"]
[SourceQuality "1"]

1. e4 c5 2. Nf3 d6 3. d4 cxd4 4. Qxd4 Nc6 5. Bb5 Qd7 6. Bxc6 Qxc6 7. Nc3 Bg4 8. Bg5 Nf6 9. 0-0-0 Bxf3 10. gxf3 Nd7 11. Kb1 Nc5 12. Bc1 0-0-0 13. Qc4 e6 14. Be3 Be7 15. Rd2 Kb8 16. Rhd1 Nd7 17. Qd4 a6 18. Ne2 b6 19. Qxg7 Ne5 20. Nd4 Qc7 21. f4 Rdg8 22. Qh6 Ng4 23. Qh3 Bf6 24. Qf1 Qb7 25. Qd3 Rc8 26. f3 Nxe3 27. Qxe3 Rhg8 28. e5 dxe5 29. fxe5 Be7 30. Nb3 Rcd8 31. Rxd8+ Rxd8 32. Rxd8+ Bxd8 33. a4 Qc6 34. Qd3 Bc7 35. Qxa6 Qxf3 36. a5 bxa5 37. Qb5+ Kc8 38. Nc5 Qd1+ 39. Ka2 Qd5+ 40. c4 Qxe5 41. Qe8+ Bd8 42. Qd7+ 1-0

[Event "Reykjavik Meistaramot Hellis op"]
[Site "Reykjavik"]
[Date "2009.02.06"]
[Round "3"]
[White "Olafsson, David"]
[Black "Bjornsson, Gunnar"]
[Result "1-0"]
[WhiteElo "2319"]
[BlackElo "2153"]
[PlyCount "67"]
[EventDate "2009.02.02"]
[EventType "swiss"]
[EventRounds "7"]
[EventCountry "ISL"]
[SourceTitle "EXT 2010"]
[Source "ChessBase"]
[SourceDate "2010.11.25"]
[SourceVersion "1"]
[SourceVersionDate "2010.11.25"]
[SourceQuality "1"]

1. c4 c5 2. Nc3 Nc6 3. g3 Nf6 4. Bg2 g6 5. Nf3 Bg7 6. 0-0 0-0 7. d3 d6 8. a3 Bd7 9. Rb1 Qc8 10. Re1 Bh3 11. Bh1 a6 12. Bg5 Be6 13. e4 h6 14. Bd2 Ng4 15. Nd5 Bxd5 16. exd5 Nce5 17. Bc3 Qf5 18. Re4 b5 19. h3 Nxf3+ 20. Bxf3 Ne5 21. Bg2 g5 22. Qe2 Rab8 23. Rf1 Ng6 24. f4 gxf4 25. Rexf4 Qd7 26. Rg4 Bxc3 27. bxc3 Kh7 28. Be4 Qe8 29. h4 h5 30. Rg5 Kg7 31. Qxh5 e6 32. Rxf7+ Rxf7 33. Rxg6+ Kf8 34. Qh6+ 1-0

[Event "Reykjavik Meistaramot Hellis op"]
[Site "Reykjavik"]
[Date "2009.02.02"]
[Round "1"]
[White "Lee, Gudmundur Kristinn"]
[Black "Bjornsson, Gunnar"]
[Result "0-1"]
[WhiteElo "1499"]
[BlackElo "2153"]
[PlyCount "100"]
[EventDate "2009.02.02"]
[EventType "swiss"]
[EventRounds "7"]
[EventCountry "ISL"]
[SourceTitle "EXT 2010"]
[Source "ChessBase"]
[SourceDate "2010.11.25"]
[SourceVersion "1"]
[SourceVersionDate "2010.11.25"]
[SourceQuality "1"]

1. e4 c5 2. Nf3 d6 3. d4 cxd4 4. Nxd4 Nf6 5. Nc3 g6 6. Be3 Bg7 7. f3 0-0 8. Qd2 Nc6 9. Nxc6 bxc6 10. Bc4 Qa5 11. 0-0 Rd8 12. Bb3 Ba6 13. Rfd1 c5 14. a3 Rab8 15. Rab1 Nd7 16. Bh6 Bxh6 17. Qxh6 c4 18. Ba2 Nf6 19. Kh1 Rb7 20. Nd5 Nxd5 21. Rxd5 Qc7 22. Qe3 c3 23. b4 Rb6 24. Bb3 Rc8 25. Rdd1 Bb7 26. Ra1 a5 27. bxa5 Ra6 28. Qf4 e6 29. h3 Rd8 30. Qe3 Rxa5 31. Rd3 Rc8 32. Qd4 Ba6 33. Rdd1 Rd8 34. a4 Rh5 35. Re1 Rc5 36. Qe3 Qe7 37. Red1 Qh4 38. Rxd6 Rxd6 39. Qxc5 Rd2 40. Rg1 h5 41. Qxc3 Qf2 42. Qe5 Bf1 43. Qh2 e5 44. h4 Be2 45. Qh3 Rd6 46. Bd5 Rf6 47. c4 Rf4 48. g3 Bxf3+ 49. Rg2 Bxg2+ 50. Qxg2 Qe1+ 0-1

[Event "Bunratty Masters op 15th"]
[Site "Bunratty"]
[Date "2008.02.24"]
[Round "6"]
[White "Healy, Tom"]
[Black "Bjornsson, Gunnar"]
[Result "1/2-1/2"]
[WhiteElo "2016"]
[BlackElo "2149"]
[PlyCount "78"]
[EventDate "2008.02.22"]
[EventType "swiss"]
[EventRounds "6"]
[EventCountry "IRL"]
[SourceTitle "CBM 123 Extra"]
[Source "ChessBase"]
[SourceDate "2008.05.06"]
[SourceVersion "1"]
[SourceVersionDate "2008.05.06"]
[SourceQuality "1"]

1. d4 d5 2. Nf3 Nf6 3. g3 c5 4. Bg2 Nc6 5. 0-0 cxd4 6. Nxd4 e5 7. Nxc6 bxc6 8. c4 Be6 9. Nc3 Rc8 10. Qa4 Qd7 11. cxd5 Nxd5 12. Rd1 Nxc3 13. bxc3 Qc7 14. Be3 Be7 15. Bxa7 0-0 16. Be3 Bd5 17. c4 Bxg2 18. Kxg2 f5 19. f3 f4 20. Bf2 Bf6 21. Rab1 Ra8 22. Qc2 Qe7 23. c5 Rfe8 24. Rb4 Ra3 25. Rd3 Ra7 26. Qb3+ Kh8 27. Rd6 g5 28. Rxc6 g4 29. Rb8 gxf3+ 30. exf3 Rxb8 31. Qxb8+ Kg7 32. Qd6 Qxd6 33. cxd6 Rxa2 34. d7 Rd2 35. Rc7 Bd8 36. Rb7 Kf7 37. gxf4 exf4 38. Kf1 Ke6 39. Rb4 Bc7 1/2-1/2

[Event "Bunratty Masters op 15th"]
[Site "Bunratty"]
[Date "2008.02.23"]
[Round "3"]
[White "Bjornsson, Gunnar"]
[Black "Wall, Gavin"]
[Result "0-1"]
[WhiteElo "2149"]
[BlackElo "2305"]
[PlyCount "62"]
[EventDate "2008.02.22"]
[EventType "swiss"]
[EventRounds "6"]
[EventCountry "IRL"]
[SourceTitle "CBM 123 Extra"]
[Source "ChessBase"]
[SourceDate "2008.05.06"]
[SourceVersion "1"]
[SourceVersionDate "2008.05.06"]
[SourceQuality "1"]

1. e4 e5 2. Nf3 d6 3. d4 exd4 4. Nxd4 Nf6 5. Nc3 Be7 6. Be2 0-0 7. 0-0 c5 8. Nb3 a6 9. a4 Nc6 10. Be3 Nb4 11. f4 Qc7 12. Bf3 Re8 13. Qd2 Be6 14. Rad1 Rad8 15. Rfe1 Ng4 16. Bxg4 Bxg4 17. Rc1 Be6 18. Nd5 Nxd5 19. exd5 Bd7 20. a5 Bf6 21. c4 b6 22. axb6 Qxb6 23. Na1 Qxb2 24. Rc2 Qb6 25. Ra2 Rxe3 26. Rxe3 Bd4 27. Kf2 Qb1 28. Qc2 Bxe3+ 29. Kxe3 Re8+ 30. Kf3 Qf1+ 31. Kg3 Re3+ 0-1

[Event "EU-Cup 21st"]
[Site "Saint Vincent"]
[Date "2005.09.24"]
[Round "7.6"]
[White "Bjornsson, Gunnar"]
[Black "Xheladini, Mahmut"]
[Result "0-1"]
[WhiteElo "2131"]
[BlackElo "2242"]
[PlyCount "72"]
[EventDate "2005.09.18"]
[EventType "team-swiss"]
[EventRounds "7"]
[EventCountry "ITA"]
[SourceTitle "CBM 110"]
[Source "ChessBase"]
[SourceDate "2006.01.31"]
[SourceVersion "1"]
[SourceVersionDate "2006.01.31"]
[SourceQuality "1"]
[WhiteTeam "Reykjavik Hellir"]
[BlackTeam "Pristina"]
[WhiteTeamCountry "ISL"]
[BlackTeamCountry "YUG"]

1. e4 c6 2. d4 d6 3. f4 Nf6 4. Nc3 Nbd7 5. Nf3 Qc7 6. Bd3 e5 7. 0-0 Qb6 8. Ne2 exd4 9. Nexd4 c5 10. Nf5 c4+ 11. Be3 Qc7 12. Be2 Nxe4 13. N3d4 a6 14. Bf3 Ndf6 15. Re1 d5 16. c3 g6 17. Ng3 Be7 18. Qc2 Nxg3 19. hxg3 Bg4 20. Qe2 Bxf3 21. gxf3 0-0-0 22. b4 Rhe8 23. a4 Bd6 24. Qf2 Re7 25. a5 Rde8 26. Nc2 Nh5 27. b5 Qd7 28. bxa6 bxa6 29. Kg2 g5 30. Qd2 gxf4 31. Qxd5 fxe3 32. Qxh5 Rg8 33. g4 Re5 34. Qh4 Be7 35. Qh2 Qd5 36. Nxe3 Rxe3 0-1

[Event "ISL-chT 0405"]
[Site "Reykjavik"]
[Date "2004.11.20"]
[Round "2"]
[White "Arngrimsson, Dagur"]
[Black "Bjornsson, Gunnar"]
[Result "1-0"]
[WhiteElo "2277"]
[BlackElo "2155"]
[PlyCount "61"]
[EventDate "2004.11.19"]
[EventType "team"]
[EventRounds "7"]
[EventCountry "ISL"]
[SourceTitle "EXT 2006"]
[Source "ChessBase"]
[SourceDate "2005.11.24"]
[SourceVersion "1"]
[SourceVersionDate "2005.11.24"]
[SourceQuality "1"]

1. e4 c5 2. c3 d6 3. d4 Nf6 4. Bd3 Nc6 5. Nf3 g6 6. h3 Bg7 7. Be3 cxd4 8. cxd4 0-0 9. Nc3 Bd7 10. 0-0 Rc8 11. Rc1 a6 12. Qd2 b5 13. Rfd1 Na5 14. b3 Bc6 15. d5 Ba8 16. Ne2 Rxc1 17. Rxc1 e6 18. dxe6 fxe6 19. Ned4 Re8 20. Ng5 Nb7 21. Ndxe6 Qb8 22. Bd4 h6 23. Nxg7 Kxg7 24. Bxf6+ Kxf6 25. Qf4+ Ke7 26. Qf7+ Kd8 27. Ne6+ Rxe6 28. Qxe6 Nc5 29. Qf6+ Kd7 30. Qf7+ Kd8 31. b4 1-0